|
|
|
|
| LEADER |
01074nam a2200265 a 4500 |
| 001 |
14754 |
| 008 |
130711s2005 ke ab b i000 0 eng d |
| 010 |
|
|
|a 2005328208
|
| 020 |
|
|
|a 9280725653
|
| 040 |
|
|
|a DLC
|c DLC
|d DLC
|d BD-DhAAL
|
| 082 |
0 |
0 |
|a 363.34/94091824
|2 22
|
| 245 |
0 |
0 |
|a After the tsunami :
|b rapid environmental assessment.
|
| 260 |
|
|
|a Nairobi :
|b United Nations Environment Programme,
|c c2005.
|
| 300 |
|
|
|a 140 p. :
|b col. ill., col. maps ;
|c 30 cm.
|
| 500 |
|
|
|a "Job no. DEP/0651/GE"--T.p. verso.
|
| 504 |
|
|
|a Includes bibliographical references.
|
| 541 |
|
|
|e 14754
|
| 650 |
|
0 |
|a Disaster relief
|z Indian Ocean Region.
|
| 650 |
|
0 |
|a Indian Ocean Tsunami, 2004.
|
| 650 |
|
0 |
|a Tsunamis
|x Environmental aspects
|z Indian Ocean.
|
| 650 |
|
0 |
|a Environmental impact analysis
|z Indian Ocean Region.
|
| 710 |
2 |
|
|a United Nations Environment Programme.
|
| 852 |
1 |
|
|a Ayesha Abed Library
|j General shelf.
|
| 999 |
|
|
|c 13672
|d 13672
|
| 952 |
|
|
|0 0
|1 0
|4 0
|6 363_349409182400000_AFT
|7 0
|9 22904
|a BRACUL
|b BRACUL
|c GEN
|d 2013-07-11
|l 0
|o 363.3494091824 AFT
|p 3010014754
|r 2013-07-11
|t 1
|w 2013-07-11
|y BK
|